[Event "Berlin Lichtenberger op 9th"]
[Site "Berlin"]
[Date "2010.08.09"]
[Round "3"]
[White "Schildt, Rene"]
[Black "Fuchs, Joerg"]
[Result "1-0"]
[WhiteElo "1973"]
[BlackElo "1873"]
[PlyCount "62"]
[EventDate "2010.08.07"]
[EventType "swiss"]
[EventRounds "9"]
[EventCountry "GER"]
[SourceTitle "CBM 137 Extra"]
[Source "ChessBase"]
[SourceDate "2010.09.01"]
[SourceVersion "1"]
[SourceVersionDate "2010.09.01"]
[SourceQuality "1"]

1. e4 e5 2. Nf3 d6 3. d4 exd4 4. Nxd4 Nf6 5. Nc3 Be7 6. Be2 0-0 7. g4 c5 8. Nf5 Nc6 9. Be3 Re8 10. Qd2 Bf8 11. f3 Be6 12. 0-0-0 Qa5 13. a3 Rad8 14. g5 Nd7 15. Nxd6 Nde5 16. Nxe8 Rxd2 17. Rxd2 a6 18. Nd6 b5 19. Nb1 b4 20. f4 Ng4 21. Bxg4 Bxg4 22. f5 bxa3 23. Nxa3 Nb4 24. Ndc4 Qc7 25. Rf1 Qb7 26. Rf4 Bh5 27. Rd8 Na2+ 28. Kb1 Nc3+ 29. Ka1 Qc7 30. Rxf8+ Kxf8 31. bxc3 Qe5 1-0

[Event "Berlin Lichtenberger op 9th"]
[Site "Berlin"]
[Date "2010.08.07"]
[Round "2"]
[White "Brustkern, Juergen"]
[Black "Schildt, Rene"]
[Result "1-0"]
[WhiteElo "2266"]
[BlackElo "1973"]
[PlyCount "93"]
[EventDate "2010.08.07"]
[EventType "swiss"]
[EventRounds "9"]
[EventCountry "GER"]
[SourceTitle "CBM 137 Extra"]
[Source "ChessBase"]
[SourceDate "2010.09.01"]
[SourceVersion "1"]
[SourceVersionDate "2010.09.01"]
[SourceQuality "1"]

1. Nf3 Nf6 2. g3 d5 3. Bg2 e6 4. 0-0 Be7 5. d3 0-0 6. Nbd2 c5 7. e4 Nc6 8. Re1 b5 9. e5 Nd7 10. c3 a5 11. Nf1 a4 12. h4 Ba6 13. N1h2 b4 14. a3 bxc3 15. bxc3 Na5 16. Bg5 Nb3 17. Ra2 Re8 18. Ng4 Qa5 19. Bxe7 Rxe7 20. Rc2 Rd8 21. h5 h6 22. Nh4 d4 23. c4 Nb6 24. Nf6+ Kh8 25. Ne4 Nxc4 26. Rxc4 Bxc4 27. dxc4 d3 28. Re3 d2 29. Nd6 Kg8 30. Rd3 Red7 31. f4 Qc7 32. Nf3 Rxd6 33. exd6 Rxd6 34. Bf1 Rxd3 35. Bxd3 Qa5 36. Qc2 f6 37. Kf2 e5 38. fxe5 fxe5 39. Be4 Kh8 40. Nxe5 Nd4 41. Qb1 Nb3 42. Ng6+ Kh7 43. Bd5 d1N+ 44. Qxd1 Qc3 45. Bg8+ Kxg8 46. Qd8+ Kf7 47. Qe7+ 1-0